000 00758nam a22002417a 4500
001 129023
003 UA-OsUOA
005 20240111151546.0
007 ta
008 20180214b un ||||| |||| 00| 0 ukr d
040 _aUA-OsUOA
_brus
_cUA-OsUOA
_dUA-OsUOA
041 _arus
080 _a821.161.1
090 _a821.161.1
_bЗ-45
100 _aЗгарский Е.
245 _aСвятый вечеръ
_bпоема
_cЕвгеній Згарский
260 _aЛьвовъ
_bТипомъ Института Ставропигійского
_c1862
300 _a181 с.
650 7 _a82 Література. Літературознавство
_2UDC
942 _cRB
_2udc
955 _a0
999 _c416634
_d416634